| 000 | 00697nam a2200205 i 4500 | ||
|---|---|---|---|
| 001 | 27244 | ||
| 003 | ES-MaACL | ||
| 007 | t| | ||
| 008 | 030114s1975 sp ||||1| spa d | ||
| 100 | 1 |
_aAtkins, Robert C. _923748 |
|
| 245 | 1 | 3 |
_aLa revolución dietética del Dr. Atkins _b: recetas y menús / _cpor Robert C. Atkins, Fran Gare y Helen Mónica ; [traducido por Sebastian Martínez y Luis Vigil]. |
| 250 | _a2ª ed. | ||
| 260 |
_aBarcelona, etc : _bGrijalbo, _c[1975] |
||
| 300 |
_a397 p. ; _c20 cm. |
||
| 700 | 1 |
_aGare, Fran. _955522 |
|
| 700 | 1 |
_aMónica, Helen. _982208 |
|
| 700 | 1 |
_aMartínez, Sebastián. _977808 |
|
| 700 | 1 |
_aVigil, Luis. _9114628 |
|
| 852 |
_aES-MaACL _jE-8915 _bR.93395 |
||
| 999 |
_c27244 _d27244 |
||